مكتبة جامعة عجلون الوطنية

فهرس بحث المكتبة

روائع الأمثال في بلاد الشام من التراث العربي-(الأردن)، الجزء الاول (Record no. 33660)

MARC details
000 -LEADER
fixed length control field 00672nam a22001817a 4500
003 - CONTROL NUMBER IDENTIFIER
control field JO-AjAnu
005 - DATE AND TIME OF LATEST TRANSACTION
control field 20240909142207.0
008 - FIXED-LENGTH DATA ELEMENTS--GENERAL INFORMATION
fixed length control field 240909b jo ||||| |||| 00| 0 ara d
040 ## - CATALOGING SOURCE
Original cataloging agency JO-AjAnu
Language of cataloging ara
Transcribing agency JO-AjAnu
041 ## - LANGUAGE CODE
Language code of original ara
100 ## - MAIN ENTRY--PERSONAL NAME
Personal name ملحم، مطلق احمد
Relator term مؤلف
9 (RLIN) 66164
245 ## - TITLE STATEMENT
Title روائع الأمثال في بلاد الشام من التراث العربي-(الأردن)، الجزء الاول
Statement of responsibility, etc. / مطلق احمد ملحم
260 ## - PUBLICATION, DISTRIBUTION, ETC.
Place of publication, distribution, etc. عمان:
Name of publisher, distributor, etc. وزارة الثقافة،
Date of publication, distribution, etc. 2017
300 ## - PHYSICAL DESCRIPTION
Extent 254 صفحة
504 ## - BIBLIOGRAPHY, ETC. NOTE
Bibliography, etc. note يحتوي على صور
650 ## - SUBJECT ADDED ENTRY--TOPICAL TERM
Form subdivision الأمثال الشعبية-بلاد الشام
942 ## - ADDED ENTRY ELEMENTS (KOHA)
Source of classification or shelving scheme Library of Congress Classification
Koha item type Books
Suppress in OPAC No
Holdings
Withdrawn status Lost status Source of classification or shelving scheme Damaged status Not for loan Home library Current library Date acquired Total Checkouts Full call number Barcode Date last seen Price effective from Koha item type
    Library of Congress Classification     مكتبة جامعة عجلون الوطنية مكتبة جامعة عجلون الوطنية 09/09/2024   PN6519.2017 A30026 09/09/2024 09/09/2024 Books